Rojo amanecer = Bengalas en el cielo /

Guión de la película Rojo amanecer, dirigida en 1989 por el cineasta mexicano Jorge Fons (1939-2022) y cuyo primer título fue Bengalas en el cielo. Xavier Robles y Guadalupe Ortega, autores de numerosos guiones, fueron reconocidos por este trabajo con los premios nacionales Ariel, Diosa de Plata y H...

Descripció completa

Guardat en:
Dades bibliogràfiques
Autor principal: Robles, Xavier (guión)
Altres autors: Ortega, Guadalupe (guión) (guión), Sánchez, Francisco (introducción) (introducción)
Format: Llibre
Idioma:espanyol
Publicat: México : El Milagro, 1995, c1995
Matèries:
Etiquetes: Afegir etiqueta
Sense etiquetes, Sigues el primer a etiquetar aquest registre!

MARC

LEADER 00000nam^a2200000^a^4500
001 000043224
005 20250521000000.0
009 20260310085806.062
020 |a 968-6773-24-X 
037 |a Acervo ITESO - Biblioteca 
041 |a ESP 
082 |a 302. 2350972  |b ROB 
100 |a Robles, Xavier  |e (guión) 
240 1 1 |a [Rojo amanecer] 
245 1 0 |a Rojo amanecer =  |b Bengalas en el cielo /  |c Guión de X. Robles, G. Ortega ; introd. de F. Sánchez. 
264 4 |a México :  |b El Milagro,  |c 1995, c1995 
300 |a 111 p. 
336 |a texto  |b txt  |2 rdacontenido 
337 |a sin mediación  |b n  |2 rdamedio 
338 |a volumen  |b nc  |2 rdasoporte 
520 |a Guión de la película Rojo amanecer, dirigida en 1989 por el cineasta mexicano Jorge Fons (1939-2022) y cuyo primer título fue Bengalas en el cielo. Xavier Robles y Guadalupe Ortega, autores de numerosos guiones, fueron reconocidos por este trabajo con los premios nacionales Ariel, Diosa de Plata y Heraldo de México, mientras que Fons volvió a dirigir cine industrial por vez primera desde 1979. La producción de Rojo amanecer fue el primer acercamiento más directo a los sucesos del movimiento estudiantil de 1968 en la cinematografía industrial mexicana. 
585 |a Exposición DIA 2024-09 / Hilos del vestuario en el cine mexicano 
586 |a Premio Nacional de Ciencias y Artes, categoría Bellas Artes (62°: 2011), ex aequo: Biografías, crítica e interpretación 
649 |a XX 
650 |a Cineastas Mexicanos 
650 |a Guiones Cinematográficos -  |z México -  |x Tema Principal 
650 |a Cine Social y Político 
650 |a Dramas Cinematográficos 
650 |a Cine Mexicano -  |y 1980-1989 
650 |a Cine Mexicano -  |y Siglo XX 
650 |a Movimiento Estudiantil de 1968 -  |x Tema Principal 
650 |a Movimientos Estudiantiles -  |z México -  |x Historia 
650 |a Movimientos Sociales -  |z México -  |x Historia 
650 |a Educación y Política -  |z México -  |x Historia 
650 |a Educación Superior -  |z México -  |x Historia 
650 |a Violencia Política -  |z México -  |x Historia 
650 |a México -  |x Condiciones Políticas 
650 |a Política -  |z México -  |x Historia -  |y 1964-1970 
650 |a Política -  |z México -  |x Historia -  |y Siglo XX 
650 |a Fons, Jorge 
700 |a Ortega, Guadalupe  |e (guión) 
700 |a Sánchez, Francisco  |e (introducción) 
910 |a Fondo General 
920 |a Impresos - Libros 
930 |a Colección General 
905 |a 101 
901 |a 0432240100  |b IT1  |c ACC  |i 043224  |u 20250521 
902 |a https://opac.biblio.iteso.mx/vufind/Record/000043224